00338nam a2200121Ia 4500008004100000100002700041245007700068260002300145300000800168650001600176942000700192999001700199190216s9999||||xx |||||||||||||| ||und|| aGupta Pp And Bhave M L 0aHydrodynamics Theory Of Function Of Complex Variables And Linear Algebra bS Chand & Coc1982 a52p aMathematics cBK c30826d30826